Flags of Europe and Asia - Statistics

General Stats
  • This quiz has been taken 268 times
  • The average score is 14 of 15
Answer Stats
Picture Answer % Correct
Ireland
99%
China
98%
France
98%
Greece
98%
Italy
98%
Russia
98%
Nepal
96%
Netherlands
96%
UK
95%
Cyprus
94%
Georgia
94%
Lebanon
93%
San Marino
92%
Bulgaria
90%
Syria
59%
No matching quizzes found
Score Distribution
Percent of People with Each Score
Percentile by Number Answered
Your Score History
You have not taken this quiz